TikTok, YouTube Shorts, or Instagram Reels Comment - Statistics

General Stats
  • This quiz has been taken 457 times
  • The average score is 5 of 10
Answer Stats
Hint Answer % Correct
The last one was crazy 😭🙏 YouTube
67%
Gang we can not be serious 🥀 TikTok
66%
Js oil up already bro Instagram
63%
This video was so CRAZY and MASSIVE YouTube
59%
HELP I’M CRYING 😭 TikTok
57%
Dead internet theory is real 😭😭 YouTube
54%
I know where you live lil bro Instagram
52%
If this were the 1800’s… Instagram
45%
LeBron is so hot 😜 TikTok
38%
“____” is so majestic YouTube
24%
No matching quizzes found
Score Distribution
Percent of People with Each Score
Percentile by Number Answered
Your Score History
You have not taken this quiz